Preconcentration of Hg in Waters for ET AAS in a Flow-through Electrochemical Cell
Gespeichert in:
| 1. Verfasser: | |
|---|---|
| Weitere Verfasser: | , , , , , |
| Format: | Buchkapitel |
| Sprache: | Englisch |
| Schlagworte: | |
| Tags: |
Keine Tags, Fügen Sie das erste Tag hinzu!
|
MARC
| LEADER | 00000naa a2200000 4500 | ||
|---|---|---|---|
| 001 | 0161603 | ||
| 005 | 20240530084952.2 | ||
| 041 | 0 | |a eng | |
| 044 | |a PL | ||
| 245 | 1 | 0 | |a Preconcentration of Hg in Waters for ET AAS in a Flow-through Electrochemical Cell |c Alena Manová, František Čacho, Ernest Beinrohr, Miroslav Rusko, Vojtech Kollár, Jana Kotovicová, Magdalena Vaverková |
| 610 | 2 | 0 | |a chémia |
| 610 | 2 | 0 | |a prostredie životné |
| 610 | 2 | 0 | |a voda |
| 100 | 1 | |a Manová, Alena | |
| 700 | 1 | |a Čacho, František | |
| 700 | 1 | |a Beinrohr, Ernest | |
| 700 | 1 | |a Rusko, Miroslav | |
| 700 | 1 | |a Kollár, Vojtech | |
| 700 | 1 | |a Kotovicová, Jana | |
| 700 | 1 | |a Vaverková, Magdalena | |